[Event "Open Biel SUI"]
[Site "Biel"]
[Date "1997.??.??"]
[Round "7"]
[White "Chernin, A."]
[Black "Kovacevic, A."]
[Result "1-0"]
[WhiteElo "2640"]
[BlackElo "2525"]
[PlyCount "61"]
[EventDate "1997.??.??"]
[Source "www.chesslib.no"]
[SourceDate "2004.05.04"]

1. d4 Nf6 2. c4 c5 3. d5 d6 4. Nc3 g6 5. e4 Bg7 6. Bd3 O-O 7. h3 e6 8. Bg5 exd5 9. cxd5 h6 10. Be3 Re8 11. Nf3 b6 12. O-O Ba6 13. a4 Qc8 14. Bf4 Bf8 15. Re1 Bxd3 16. Qxd3 Na6 17. Qd2 Nb4 18. Rad1 Kh7 19. e5 dxe5 20. Nxe5 Qb7 21. d6 Rad8 22. Nc4 Rxe1+ 23. Rxe1 Nc6 24. g4 Qa6 25. Ne4 Bg7 26. Bxh6 Bxh6 27. Nxf6+ Kg7 28. g5 Bxg5 29. Qxg5 Qxc4 30. Ne8+ Rxe8 31. Rxe8 1-0

[Event "Biel op MTO"]
[Site "Biel"]
[Date "1997.??.??"]
[Round "7"]
[White "Chernin, Alexander"]
[Black "Kovacevic, Aleksandar"]
[Result "1-0"]
[WhiteElo "2640"]
[BlackElo "2525"]
[PlyCount "71"]
[EventDate "1997.07.21"]
[Source "ChessBase"]
[SourceDate "1997.11.24"]

1. d4 Nf6 2. c4 c5 3. d5 d6 4. Nc3 g6 5. e4 Bg7 6. Bd3 O-O 7. h3 e6 8. Bg5 exd5 9. cxd5 h6 10. Be3 Re8 11. Nf3 b6 12. O-O Ba6 13. a4 Qc8 14. Bf4 Bf8 15. Re1 Bxd3 16. Qxd3 Na6 17. Qd2 Nb4 18. Rad1 Kh7 19. e5 dxe5 20. Nxe5 Qb7 21. d6 Rad8 22. Ng4 Rxe1+ 23. Rxe1 Nxg4 24. hxg4 Qc6 25. Ne4 Bg7 26. Bxh6 Bxh6 27. Nf6+ Kg7 28. g5 Bxg5 29. Qxg5 Qxd6 30. Ne8+ Rxe8 31. Rxe8 Nc6 32. Qh4 Qd1+ 33. Kh2 Qh5 34. Qxh5 gxh5 35. Rc8 Na5 36. Rc7 1-0

[Event "Katrineholm"]
[Site "Katrineholm"]
[Date "1999.05.15"]
[Round "5"]
[White "Cramling, Pia"]
[Black "Fedorov, Alexei"]
[Result "1/2-1/2"]
[WhiteElo "2515"]
[BlackElo "2648"]
[PlyCount "65"]
[EventDate "1999.05.??"]
[Source "ChessBase"]
[SourceDate "1999.08.01"]

1. d4 Nf6 2. c4 g6 3. Nc3 Bg7 4. e4 d6 5. h3 O-O 6. Bg5 Na6 7. Nf3 e5 8. d5 Qe8 9. g4 Nd7 10. Rg1 Kh8 11. Qd2 Ndc5 12. Nh4 c6 13. Rb1 cxd5 14. cxd5 Bd7 15. Rg3 Rc8 16. b4 Na4 17. Nxa4 Bxa4 18. Rc3 Qd7 19. Rxc8 Rxc8 20. Bd3 Nc7 21. Rc1 Rf8 22. Qc3 Na8 23. Be3 a6 24. Nf3 Bf6 25. Ke2 Be7 26. Nd2 Qd8 27. Nc4 Kg8 28. Qa3 Qd7 29. Na5 Bb5 30. Qc3 Ba4 31. Qa3 Bb5 32. Qc3 Ba4 33. Qa3 1/2-1/2

[Event "HUN-chT 9697"]
[Site "?"]
[Date "1996.??.??"]
[Round "6"]
[White "Chernin Alexander"]
[Black "Groszpeter Attila"]
[Result "1/2-1/2"]
[WhiteElo "2595"]
[BlackElo "2565"]
[PlyCount "47"]
[EventDate "1996.??.??"]
[Source "www.chesslib.no"]
[SourceDate "2004.05.04"]

1. c4 g6 2. e4 Bg7 3. d4 d6 4. Nc3 Nf6 5. h3 O-O 6. Bg5 Na6 7. Qd2 e5 8. Nge2 exd4 9. Nxd4 Nxe4 10. Nxe4 Qe8 11. Qe3 f5 12. Nxd6 cxd6 13. O-O-O Qxe3+ 14. fxe3 Nc5 15. Be7 Re8 16. Bxd6 Ne4 17. Nb5 Nxd6 18. Rxd6 Be5 19. Rd1 b6 20. Nd6 Bxd6 21. Rxd6 Bb7 22. Rd7 Bc6 23. Rc7 Rec8 24. Rxc8+ 1/2-1/2

[Event "Budapest (m/5)"]
[Site "?"]
[Date "1993.??.??"]
[Round "?"]
[White "Spassky, B."]
[Black "Polgar, Judit"]
[Result "1/2-1/2"]
[WhiteElo "2565"]
[BlackElo "2595"]
[PlyCount "68"]
[EventDate "1993.??.??"]
[Source "ChessBase"]
[SourceDate "1992.10.01"]

1. d4 Nf6 2. c4 g6 3. Nc3 Bg7 4. e4 d6 5. h3 O-O 6. Bg5 c5 7. d5 e6 8. Bd3 exd5 9. cxd5 Qe8 10. Qe2 a6 11. a4 Nbd7 12. Nf3 Ne5 13. O-O Nfd7 14. Nd2 Nxd3 15. Qxd3 Ne5 16. Qg3 f5 17. f4 Nf7 18. exf5 Bxf5 19. Rae1 Qb8 20. Nde4 Nxg5 21. fxg5 Bd4+ 22. Kh1 Bxc3 23. bxc3 Bxe4 24. Rxf8+ Qxf8 25. Rxe4 b5 26. axb5 axb5 27. Re6 b4 28. cxb4 cxb4 29. Kh2 Rb8 30. Rxd6 b3 31. Rf6 Qe8 32. Re6 Qf8 33. Rf6 Qe8 34. Re6 Qf8 1/2-1/2

[Event "Corsican op"]
[Site "Bastia"]
[Date "1998.11.02"]
[Round "5"]
[White "Dao Thien Hai"]
[Black "Degraeve, Jean Marc"]
[Result "0-1"]
[WhiteElo "2580"]
[BlackElo "2580"]
[PlyCount "84"]
[EventDate "1998.11.01"]
[Source "ChessBase"]
[SourceDate "1999.01.01"]

1. d4 Nf6 2. c4 g6 3. Nc3 Bg7 4. e4 d6 5. h3 O-O 6. Bd3 Nc6 7. Nge2 e5 8. d5 Nd4 9. Be3 Nxe2 10. Bxe2 c6 11. g4 cxd5 12. cxd5 Bd7 13. h4 Qa5 14. f3 h5 15. g5 Nh7 16. Qd2 a6 17. b4 Qd8 18. a4 f6 19. a5 fxg5 20. hxg5 Rc8 21. Rc1 Rf7 22. Nd1 Rxc1 23. Qxc1 Bf8 24. Nb2 Be7 25. Rg1 Qf8 26. Kd2 Bb5 27. Qf1 Bxe2 28. Kxe2 Qc8 29. Kd2 Qf8 30. Ke2 Qc8 31. Kd2 Qd7 32. Kd1 Kg7 33. Kd2 Rf8 34. Kd1 Qb5 35. Qxb5 axb5 36. Ke2 Rc8 37. Kd3 Rf8 38. Ke2 Rc8 39. Kd3 h4 40. f4 h3 41. Nd1 exf4 42. Bxf4 Nxg5 0-1

[Event "World Open"]
[Site "Philadelphia, PA USA"]
[Date "1994.??.??"]
[Round "?"]
[White "Yermolinsky, Alex"]
[Black "Zapata, Alonso"]
[Result "1/2-1/2"]
[WhiteElo "2620"]
[BlackElo "2535"]
[PlyCount "147"]
[EventDate "1994.06.??"]
[Source "www.chesslib.no"]
[SourceDate "2004.05.04"]

1. d4 Nf6 2. c4 g6 3. Nc3 Bg7 4. e4 d6 5. h3 O-O 6. Bg5 c5 7. d5 e6 8. Bd3 Re8 9. Nf3 exd5 10. cxd5 c4 11. Bc2 Qb6 12. Rb1 Na6 13. O-O Bd7 14. Re1 Nb4 15. a3 Nxc2 16. Qxc2 Qc7 17. Rbd1 h6 18. Bf4 g5 19. Bg3 g4 20. hxg4 Nxg4 21. Qd2 b5 22. Nd4 Qb6 23. Nf5 Bxf5 24. exf5 b4 25. axb4 Qxb4 26. Qf4 Nf6 27. Rxe8+ Rxe8 28. Bh4 Qxb2 29. Qxc4 Qc2 30. Qc6 Re5 31. Rf1 Kh7 32. Bxf6 Bxf6 33. Qxd6 Rxf5 34. Nd1 Bd4 35. Qd7 Qe4 36. d6 Rg5 37. Qh3 Qd5 38. Ne3 Qxd6 39. Rd1 Qc5 40. Qf3 Kg7 41. Rxd4 Qxd4 42. Nf5+ Rxf5 43. Qxf5 Qd1+ 44. Kh2 Qd6+ 45. Kg1 a6 46. g3 Qe6 47. Qc5 Qe1+ 48. Kg2 Qe4+ 49. Kh2 Qd3 50. Kg2 Qb5 51. Qd4+ Kg8 52. Qg4+ Kf8 53. Qc8+ Ke7 54. Qc7+ Qd7 55. Qe5+ Qe6 56. Qc7+ Kf6 57. Qc5 Kg6 58. Qc2+ Kg7 59. Qc3+ Qf6 60. Qc5 Qa1 61. Qc4 Qf6 62. Qc5 Kh7 63. Qc2+ Qg6 64. Qc5 Qd3 65. Kh2 Kg7 66. Kg2 Qe4+ 67. Kh2 Qe6 68. Kg2 Kg6 69. Qc2+ f5 70. Qc5 h5 71. Kh2 Qf6 72. Qb4 Qc6 73. Qb3 Qf6 74. Qb4 1/2-1/2

[Event "Bayern-ch Bank Hofmann 3rd"]
[Site "Bad Wiessee"]
[Date "1999.10.30"]
[Round "8"]
[White "Aleksandrov, Aleksej"]
[Black "Glek, Igor V"]
[Result "1/2-1/2"]
[WhiteElo "2619"]
[BlackElo "2536"]
[PlyCount "88"]
[EventDate "1999.10.23"]
[Source "www.chesslib.no"]
[SourceDate "2004.05.04"]

1. d4 Nf6 2. c4 g6 3. Nc3 Bg7 4. e4 d6 5. h3 Nbd7 6. Bd3 O-O 7. Be3 a6 8. Nf3 c5 9. d5 b5 10. O-O bxc4 11. Bxc4 Nb6 12. Bd3 a5 13. a4 Ba6 14. Bxa6 Rxa6 15. Qd3 Ra8 16. Nd2 Ne8 17. f4 Nc7 18. Rac1 f5 19. Nf3 Qc8 20. e5 Qa6 21. Qd2 Qb7 22. Rfd1 Nc4 23. Qe2 Nxe3 24. Qxe3 Rab8 25. Qd2 Qc8 26. h4 Rb4 27. h5 gxh5 28. g3 Qe8 29. Kf2 Qg6 30. Rh1 Rfb8 31. Qe2 dxe5 32. Nxe5 Bxe5 33. Qxe5 Rxb2+ 34. Ne2 Ne8 35. Qxe7 Nf6 36. Rhe1 R2b3 37. Rc4 Re8 38. Qxc5 Rxe2+ 39. Kxe2 Rb2+ 40. Kd3 Qxg3+ 41. Qe3 Qxe3+ 42. Kxe3 Rb7 43. d6 Kf7 44. Kd3 Ne4 1/2-1/2

[Event "Krasnodar"]
[Site "Krasnodar"]
[Date "2000.??.??"]
[Round "4"]
[White "Aleksandrov, Aleksej"]
[Black "Nadyrhanov, Sergey"]
[Result "1/2-1/2"]
[WhiteElo "2606"]
[BlackElo "2546"]
[PlyCount "102"]
[EventDate "2000.??.??"]
[Source "www.chesslib.no"]
[SourceDate "2004.05.04"]

1. d4 Nf6 2. c4 g6 3. Nc3 Bg7 4. e4 d6 5. h3 O-O 6. Be3 Nbd7 7. Bd3 a6 8. Nf3 c5 9. O-O cxd4 10. Nxd4 e6 11. a4 b6 12. Nc6 Qc7 13. Ne7+ Kh8 14. Nxc8 Raxc8 15. f4 Qb7 16. Qf3 Rfd8 17. Rad1 Nc5 18. Bc2 b5 19. axb5 axb5 20. e5 Ne8 21. Nxb5 d5 22. b3 Bf8 23. Qe2 Na6 24. Kh2 Bc5 25. Bc1 Nb4 26. Bb1 Qb6 27. Ba3 Kg8 28. Bxb4 Bxb4 29. cxd5 Rc5 30. dxe6 Rxd1 31. Rxd1 Rxb5 32. exf7+ Kxf7 33. Bd3 Ra5 34. Qg4 Be7 35. Bc4+ Kf8 36. Qd7 Rc5 37. Ra1 Qc6 38. Qd4 Ng7 39. Ra6 Nf5 40. Qd3 Qb7 41. Ra1 Rc7 42. Rd1 Rc8 43. Qe2 Rd8 44. Rxd8+ Bxd8 45. Qd2 Bh4 46. g4 Qf3 47. gxf5 Bg3+ 48. Kg1 Bxf4 49. Qd8+ Kg7 50. Qf6+ Kh6 51. Qh4+ Kg7 1/2-1/2

[Event "Elista ol (Men)"]
[Site "Elista"]
[Date "1998.10.01"]
[Round "3"]
[White "Alterman, Boris"]
[Black "Peng Xiaomin"]
[Result "0-1"]
[WhiteElo "2600"]
[BlackElo "2550"]
[PlyCount "54"]
[EventDate "1998.09.29"]
[Source "ChessBase"]
[SourceDate "1998.11.06"]

1. d4 Nf6 2. c4 g6 3. Nc3 Bg7 4. e4 d6 5. h3 O-O 6. Bg5 Na6 7. Nf3 e5 8. d5 Qe8 9. g4 Nd7 10. Nd2 f5 11. gxf5 gxf5 12. Rg1 Kh8 13. Be2 Nf6 14. Qc2 Nxe4 15. Ndxe4 fxe4 16. Qxe4 Bf5 17. Qh4 Nb4 18. O-O-O Nxa2+ 19. Nxa2 Qa4 20. Bd3 Qxa2 21. Bh6 Bxh6+ 22. Qxh6 Qa1+ 23. Kc2 Bxd3+ 24. Kc3 Qa5+ 25. Kxd3 Rf7 26. Rg3 Qa4 27. Rc1 Qb3+ 0-1

[Event "XIX Czech Open Synthesia Rapid"]
[Site "Pardubice CEC"]
[Date "2008.07.17"]
[Round "4"]
[White "Stocek, J."]
[Black "Korobov, A."]
[Result "0-1"]
[WhiteElo "2559"]
[BlackElo "2590"]
[PlyCount "62"]
[EventDate "2008.07.16"]
[Source "www.chesslib.no"]
[SourceDate "2004.05.04"]

1. d4 Nf6 2. c4 g6 3. Nc3 Bg7 4. e4 d6 5. h3 O-O 6. Bg5 Nbd7 7. Bd3 e5 8. d5 Nc5 9. Nge2 a5 10. O-O h6 11. Be3 Nh5 12. Bc2 Qh4 13. Qd2 f5 14. exf5 Bxf5 15. Bxf5 gxf5 16. b3 Rf6 17. Kh2 Rg6 18. g3 Qe7 19. Rad1 Rf8 20. Qc2 e4 21. Nf4 Nxf4 22. gxf4 Qh4 23. Rg1 Rff6 24. Nb5 Nd3 25. Qd2 Rg4 26. Nxc7 Nxf4 27. Bxf4 Rxf4 28. Rg3 Rg4 29. Kg2 Rxg3+ 30. fxg3 Rg6 31. Qf2 f4 0-1

[Event "Pamplona"]
[Site "Pamplona"]
[Date "2003.??.??"]
[Round "?"]
[White "Romero Holmes, A."]
[Black "Illescas Cordoba, M."]
[Result "1-0"]
[WhiteElo "2544"]
[BlackElo "2602"]
[PlyCount "71"]
[EventDate "2003.12.20"]
[Source "Chess Informant"]
[SourceDate "2003.10.01"]

1. d4 Nf6 2. c4 g6 3. Nc3 Bg7 4. e4 d6 5. h3 O-O 6. Be3 Na6 7. g4 c5 8. Nge2 cxd4 9. Nxd4 Bd7 10. Bg2 Rc8 11. b3 Nc5 12. O-O a6 13. Rc1 e5 14. Nc2 Bc6 15. f3 Ne6 16. Qd2 Ne8 17. Nd5 Bxd5 18. Qxd5 Qe7 19. Qd2 Bf6 20. Nb4 N8c7 21. Rcd1 Rfd8 22. a4 h6 23. Bxh6 g5 24. h4 Nf4 25. Nc2 Nce6 26. Ne3 Nd4 27. hxg5 Bxg5 28. Nd5 Nde2+ 29. Kh2 Bxh6 30. Nxe7+ Kg7 31. Nf5+ Kg6 32. Rf2 Rh8 33. Rxe2 Bg5+ 34. Kg1 Nh3+ 35. Bxh3 Bxd2 36. Rexd2 1-0

[Event "34. TCh-GRE"]
[Site "?"]
[Date "2005.07.05"]
[Round "2"]
[White "Azmaiparashvili Zurab"]
[Black "Georgiev Krum"]
[Result "1-0"]
[WhiteElo "2672"]
[BlackElo "2468"]
[PlyCount "111"]
[EventDate "2005.??.??"]
[Source "www.chesslib.no"]
[SourceDate "2004.05.04"]

1. d4 Nf6 2. c4 g6 3. Nc3 Bg7 4. e4 d6 5. h3 O-O 6. Be3 a6 7. Nf3 b6 8. Be2 c5 9. d5 b5 10. cxb5 axb5 11. e5 dxe5 12. Bxb5 Bb7 13. Qb3 e4 14. Ng5 Bxd5 15. Nxd5 Nxd5 16. O-O e6 17. Rad1 Qb6 18. Nxe4 Nxe3 19. fxe3 Nc6 20. Rd6 c4 21. Bxc4 Qxb3 22. Bxb3 Na5 23. Rd7 Nxb3 24. axb3 Ra5 25. Nc3 Rc5 26. Rd3 Rb8 27. Ne4 Rd5 28. Rxd5 exd5 29. Nd2 Bh6 30. Rf3 Kf8 31. Kf2 d4 32. Nc4 dxe3+ 33. Nxe3 Rxb3 34. Nc4 Rb7 35. Ke2 Bg7 36. b3 h5 37. Kd2 Bd4 38. Kd3 Bg7 39. Ke4 Rd7 40. Rd3 f5+ 41. Ke3 Re7+ 42. Kd2 Ra7 43. b4 Rc7 44. Ne3 Bh6 45. Ke2 Kf7 46. b5 Rc5 47. b6 Bxe3 48. Kxe3 Rb5 49. Rd6 h4 50. Kd4 Kg7 51. Kc4 Rb2 52. Kc5 Rc2+ 53. Kb5 Rxg2 54. b7 Rb2+ 55. Ka6 Ra2+ 56. Kb6 1-0

[Event "Sevilla Open"]
[Site "Seville ESP"]
[Date "1993.??.??"]
[Round "5"]
[White "Suba, Mihai"]
[Black "Dolmatov, Sergey V"]
[Result "0-1"]
[WhiteElo "2520"]
[BlackElo "2615"]
[PlyCount "78"]
[EventDate "1993.01.??"]
[Source "www.chesslib.no"]
[SourceDate "2004.05.04"]

1. d4 Nf6 2. c4 g6 3. Nc3 Bg7 4. e4 d6 5. h3 O-O 6. Bg5 Nbd7 7. Nf3 e5 8. d5 h6 9. Be3 Nc5 10. Nd2 a5 11. Be2 c6 12. a3 Ne8 13. b4 axb4 14. axb4 Rxa1 15. Qxa1 Na6 16. Qa3 cxd5 17. cxd5 f5 18. Nc4 fxe4 19. b5 Nc5 20. Nxd6 Nd3+ 21. Bxd3 exd3 22. Nxc8 Qxc8 23. O-O Nf6 24. Qb3 e4 25. Bd4 Re8 26. Rd1 Kh7 27. Qa4 Qf5 28. b6 Nd7 29. Bxg7 Kxg7 30. f4 Qf7 31. d6 Nf6 32. Qd4 Qe6 33. Ra1 Rd8 34. Ra7 Rd7 35. Kf1 g5 36. Nb5 Kg6 37. Kf2 Qb3 38. Nc3 Rxd6 39. Qxd6 Qxc3 0-1